Top 5 landen per categorie #4 - Statistieken

Algemene statistieken
  • Deze quiz is 372 keer genomen
  • De gemiddelde score is 33 van 56
Antwoordstatistieken
Land % Correct
Verenigde Staten
99%
Rusland
96%
Canada
94%
China
94%
Frankrijk
94%
Noorwegen
89%
Zuid-Afrika
88%
Australië
87%
Nieuw-Zeeland
87%
Chili
86%
Spanje
86%
Argentinië
85%
België
85%
Brazilië
85%
Finland
84%
Japan
84%
Duitsland
82%
Italië
81%
Verenigd Koninkrijk
79%
Egypte
75%
Congo-Kinshasa
74%
Indonesië
74%
India
72%
Niger
72%
Zwitserland
66%
Algerije
63%
Libië
57%
Mongolië
56%
Oostenrijk
56%
Monaco
54%
Saoedi-Arabië
54%
Colombia
52%
Kenia
51%
Somalië
48%
Tsjaad
47%
Namibië
46%
Botswana
42%
Lesotho
41%
Oman
39%
Tuvalu
39%
Palau
38%
Centraal-Afrikaanse Republiek
37%
Nauru
37%
Qatar
37%
Eswatini
35%
Zuid-Soedan
35%
Tonga
34%
Mauritanië
31%
Marshalleilanden
30%
Bangladesh
29%
San Marino
28%
Uruguay
23%
Vietnam
23%
Cambodja
20%
Oost-Timor
18%
Turkmenistan
15%
Geen overeenkomende quizzen gevonden
Scoreverdeling
Procent van Mensen met Elke Score
Percentiel versus Aantal Correcte Antwoorden
Uw Scoregeschiedenis
U heeft deze quiz nog niet genomen